| 000 | 00386nam a2200133Ia 4500 | ||
|---|---|---|---|
| 008 | 220217s9999 xx 000 0 und d | ||
| 245 | 0 | _aSpecification for hot-water hose of rubber with braided textile reinforcement | |
| 260 | _aNew Delhi | ||
| 260 |
_c1970 _bISI |
||
| 490 | _aHoses subcommittee, CDc 6:3 | ||
| 500 | _aStandard number: IS 5937 | ||
| 650 | _aRubber hose | ||
| 942 | _cST | ||
| 999 |
_c73875 _d73875 |
||